Špeciálne programovacie jazyky : programovanie v jazyku Lisp /

Main Author: Molnár, Ľudovít, 1940-
Other Authors: Návrat, Pavol, 1952-
Language: Slovak
Published: Bratislava : Slovenská vysoká škola technická, 1986
Edition: 1. vyd.
Physical Description: 204 s.
Book
Saved in:
LEADER 00764nam a22002172a 4500
001 000115560
003 CZ BrMZK
005 20040909092544.0
008 970103s1986 xo f slo d
040 |a BOA001  |b cze 
080 |a 519.682 LISP  |2 MRF 
080 |a 681.3.06 LISP  |2 MRF 
100 1 |a Molnár, Ľudovít,  |d 1940-  |7 jo2003193199 
245 1 0 |a Špeciálne programovacie jazyky :  |b programovanie v jazyku Lisp /  |c Ľudovít Molnár, Pavol Návrat 
250 |a 1. vyd. 
260 |a Bratislava :  |b Slovenská vysoká škola technická,  |c 1986 
300 |a 204 s. 
700 1 |a Návrat, Pavol,  |d 1952-  |7 jx20040721050 
910 |a BOA001  |b TK-A-0230.213 
990 |a BK 
996 7 |b 2629980789  |c TK-A-0230.213  |l MZK  |r Sklad / do 24 hodin  |n 2  |w 000115560  |u 000010  |a 1  |e BOA001  |j MZK50  |s A